[Event "Sampa Chess Open - Local Piso Superior (ao lado da Renner) às 19h00"]
[Site "Shopping Metrô Tatuapé - Rua Domingos Agostim, 91, São Paulo/SP 03306-010"]
[Date "2024.02.02"]
[Round "6"]
[Board "23"]
[White "Santos, Isaque Goncalves"]
[Black "Barberi, Catarina"]
[Result "1-0"]
[WhiteElo "1996"]
[BlackElo "1524"]
[PlyCount "100"]
[EventDate "2024.01.29"]
[EventRounds "9"]
[EventCountry "BRA"]

1. d4 d5 2. c4 e6 3. Nc3 Nf6 4. Bg5 Be7 5. e3 O-O 6. Nf3 b6 7. cxd5 exd5 8. Bd3 Bb7
9. O-O Nbd7 10. Rc1 h6 11. Bh4 Rc8 12. Bf5 Rb8 13. Nb5 Ba6 14. Qa4 Bxb5 15. Qxb5
c5 16. Bg3 Ra8 17. Rfd1 a6 18. Qe2 c4 19. Ne5 Re8 20. Nc6 Qc8 21. Nxe7+ Rxe7 22.
Bd6 Re8 23. g4 Qc6 24. Bf4 b5 25. h4 Ne4 26. f3 Nd6 27. Bb1 Nf8 28. h5 Ne6 29. Qc2
Nb7 30. Be5 Nf8 31. Kf2 Qe6 32. Rg1 f6 33. Bf4 Nd6 34. Rce1 Nf7 35. Qd2 Ng5 36. Kg2
Qc6 37. Bxg5 fxg5 38. e4 Rad8 39. e5 Ne6 40. Rd1 Rf8 41. Qc2 Rf4 42. Qh7+ Kf8 43.
Bf5 Re8 44. Qg6 Rxg4+ 45. Kf2 Rxg1 46. Kxg1 Nd8 47. Qxc6 Nxc6 48. Bd7 Rb8 49. Bxc6
Rd8 50. e6 Ke7  1-0

[Event "Sampa Chess Open - Local Piso Superior (ao lado da Renner) às 19h00"]
[Site "Shopping Metrô Tatuapé - Rua Domingos Agostim, 91, São Paulo/SP 03306-010"]
[Date "2024.02.02"]
[Round "6"]
[Board "24"]
[White "Simeao, Miguel Roberto Ranieri"]
[Black "Matiuci, Bernardo Steinle"]
[Result "1/2-1/2"]
[WhiteElo "1962"]
[BlackElo "1546"]
[PlyCount "74"]
[EventDate "2024.01.29"]
[EventRounds "9"]
[EventCountry "BRA"]

1. c4 Nf6 2. Nc3 g6 3. e4 c5 4. g3 Bg7 5. Bg2 O-O 6. Nge2 Nc6 7. d3 d6 8. O-O Rb8
9. Rb1 a6 10. f4 Bg4 11. h3 Bxe2 12. Nxe2 Qd7 13. b3 b5 14. Bb2 e5 15. Kh2 b4 16.
Bc1 Qa7 17. f5 a5 18. Be3 Ra8 19. Qd2 a4 20. Bg5 axb3 21. axb3 Qb7 22. Bf3 Ra3 23.
Rb2 Rfa8 24. Bg2 Ne8 25. Bh6 Ra1 26. Rf2 Qa7 27. Nc1 Nd4 28. h4 Bxh6 29. Qxh6 Nf6
30. Bh3 Ne8 31. h5 Qe7 32. hxg6 hxg6 33. fxg6 fxg6 34. Qxg6+ Qg7 35. Qxg7+ Kxg7 36.
Ne2 Nxe2 37. Rfxe2 Rd1  1/2-1/2

[Event "Sampa Chess Open - Local Piso Superior (ao lado da Renner) às 19h00"]
[Site "Shopping Metrô Tatuapé - Rua Domingos Agostim, 91, São Paulo/SP 03306-010"]
[Date "2024.02.02"]
[Round "6"]
[Board "25"]
[White "Ikejiri, Daniel Yoshito"]
[Black "Barroso, Daniele Silva"]
[Result "1/2-1/2"]
[WhiteElo "1916"]
[BlackElo "1349"]
[PlyCount "122"]
[EventDate "2024.01.29"]
[EventRounds "9"]
[EventCountry "BRA"]

1. e4 c5 2. Nf3 d6 3. d4 cxd4 4. Nxd4 Nc6 5. Nc3 g6 6. Be3 Nf6 7. f3 Bg7 8. Qd2 h5
9. O-O-O Bd7 10. Kb1 O-O 11. Nxc6 bxc6 12. Bh6 Qb6 13. Bxg7 Kxg7 14. Bc4 Rab8 15.
b3 a5 16. h4 Qb4 17. Ka1 c5 18. g4 Be6 19. Bxe6 fxe6 20. gxh5 Nxh5 21. Rh3 Nf4 22.
Rg3 Nh5 23. Rxg6+ Kf7 24. Rg4 Nf6 25. Rf4 e5 26. Rf5 Rh8 27. Nd5 Qxd2 28. Rxd2 Ke6
29. Nxf6 exf6 30. h5 a4 31. Kb2 c4 32. Kc3 cxb3 33. cxb3 axb3 34. axb3 Rb5 35. Rd3
d5 36. Kb2 dxe4 37. fxe4 Rb4 38. Rdf3 Rh6 39. Re3 Rxe4 40. Rxf6+ Kxf6 41. Rxe4 Rxh5
42. Kc3 Rh1 43. Re2 Kf5 44. Rb2 Ke4 45. b4 Rc1+ 46. Kd2 Rc6 47. b5 Rb6 48. Kc3 Kd5
49. Kb4 Rb8 50. Ka5 e4 51. b6 Ra8+ 52. Kb5 e3 53. b7 Rb8 54. Kb6 Kd4 55. Kc7 Rh8
56. Rb6 e2 57. Rd6+ Ke3 58. Re6+ Kf2 59. b8=Q Rxb8 60. Kxb8 e1=Q 61. Rxe1 Kxe1  1/2-1/2

[Event "Sampa Chess Open - Local Piso Superior (ao lado da Renner) às 19h00"]
[Site "Shopping Metrô Tatuapé - Rua Domingos Agostim, 91, São Paulo/SP 03306-010"]
[Date "2024.02.02"]
[Round "6"]
[Board "27"]
[White "Dos Santos, Felipe Zeuli Biller"]
[Black "De Albuquerque, Ian Telek C."]
[Result "0-1"]
[WhiteElo "1538"]
[BlackElo "2089"]
[PlyCount "96"]
[EventDate "2024.01.29"]
[EventRounds "9"]
[EventCountry "BRA"]

1. c4 Nf6 2. Nc3 d5 3. cxd5 Nxd5 4. d4 g6 5. Nf3 Bg7 6. Bg5 O-O 7. e3 Be6 8. Bd3
c5 9. Be4 Nc6 10. O-O cxd4 11. exd4 Rc8 12. Re1 Re8 13. Rc1 Nxc3 14. bxc3 Bxa2 15.
Bxc6 Rxc6 16. Ra1 Bd5 17. Rxa7 Rxc3 18. Qd2 Rc8 19. Rb1 Qd7 20. Qa5 Qf5 21. Rd1 e6
22. Be3 Qg4 23. h3 Qh5 24. Qe1 Bxf3 25. gxf3 Qxf3 26. Qf1 Red8 27. Rd3 Qe4 28. Ra4
e5 29. f3 Qc6 30. Rb4 exd4 31. Bxd4 Bxd4+ 32. Rdxd4 Rxd4 33. Rxd4 Qc5 34. Qf2 Qc1+
35. Qf1 Qxf1+ 36. Kxf1 b5 37. Rb4 Rc5 38. Ke2 Kg7 39. Kd3 Kf6 40. Kd4 Rc4+ 41. Rxc4
bxc4 42. Kxc4 Ke5 43. Kd3 Kf4 44. Ke2 Kg3 45. Ke3 Kxh3 46. Kf4 h5 47. Kg5 h4 48.
f4 Kg3  0-1

[Event "Sampa Chess Open - Local Piso Superior (ao lado da Renner) às 19h00"]
[Site "Shopping Metrô Tatuapé - Rua Domingos Agostim, 91, São Paulo/SP 03306-010"]
[Date "2024.02.02"]
[Round "6"]
[Board "28"]
[White "Vargas, Goncalo Cintra"]
[Black "Pittoli, Vinicius Eduardo Moreir"]
[Result "1/2-1/2"]
[WhiteElo "2041"]
[BlackElo "1648"]
[PlyCount "62"]
[EventDate "2024.01.29"]
[EventRounds "9"]
[EventCountry "BRA"]

1. Nf3 d5 2. b3 c5 3. e3 Nc6 4. Bb2 Bf5 5. Bb5 Bd7 6. c4 e6 7. cxd5 exd5 8. O-O a6
9. Be2 Nf6 10. d4 Bd6 11. Nc3 Be6 12. dxc5 Bxc5 13. Rc1 Ba7 14. Na4 O-O 15. Nc5 Bxc5
16. Rxc5 Ne4 17. Rc1 Rc8 18. Nd4 Nxd4 19. Qxd4 f6 20. Bd3 Nd6 21. Qh4 h6 22. Ba3
Re8 23. Qg3 Ne4 24. Bxe4 dxe4 25. Rxc8 Bxc8 26. Rc1 Qd2 27. h4 Kh8 28. Rc7 Rg8 29.
Bf8 Bd7 30. Bc5 Qd5 31. Bd4 Rc8  1/2-1/2

[Event "Sampa Chess Open - Local Piso Superior (ao lado da Renner) às 19h00"]
[Site "Shopping Metrô Tatuapé - Rua Domingos Agostim, 91, São Paulo/SP 03306-010"]
[Date "2024.02.02"]
[Round "6"]
[Board "29"]
[White "Desideri, Ricardo Maruchi"]
[Black "Blanco, Gustavo Jose Bachur"]
[Result "0-1"]
[WhiteElo "1959"]
[BlackElo "1491"]
[PlyCount "54"]
[EventDate "2024.01.29"]
[EventRounds "9"]
[EventCountry "BRA"]

1. e4 c5 2. Nf3 d6 3. d4 cxd4 4. Nxd4 Nf6 5. Nc3 a6 6. Bg5 e6 7. f4 Qb6 8. a3 Nbd7
9. Be2 Be7 10. g4 h6 11. Bh4 Nxe4 12. Bxe7 Nxc3 13. bxc3 Kxe7 14. Qd2 Nc5 15. Qe3
Bd7 16. Rd1 Bc6 17. O-O Rhe8 18. Nf5+ Kf8 19. Nxd6 Red8 20. f5 Bd5 21. fxe6 Rxd6
22. Rxf7+ Kg8 23. Rf5 Rxe6 24. Qf2 Na4 25. Rd4 Nxc3 26. Bf1 Ne2+ 27. Bxe2 Rxe2  0-1

[Event "Sampa Chess Open - Local Piso Superior (ao lado da Renner) às 19h00"]
[Site "Shopping Metrô Tatuapé - Rua Domingos Agostim, 91, São Paulo/SP 03306-010"]
[Date "2024.02.02"]
[Round "6"]
[Board "30"]
[White "Regiani, Rafael"]
[Black "Pironti, Francisco Ferrari"]
[Result "0-1"]
[WhiteElo "1476"]
[BlackElo "1953"]
[PlyCount "66"]
[EventDate "2024.01.29"]
[EventRounds "9"]
[EventCountry "BRA"]

1. e4 c5 2. Nf3 d6 3. d4 cxd4 4. Nxd4 Nf6 5. Nc3 a6 6. Bd3 e5 7. Nf3 Be7 8. h3 O-O
9. Be3 b5 10. O-O Bb7 11. Nd5 Bxd5 12. exd5 e4 13. Bxe4 Nxe4 14. Re1 Re8 15. Qd3
Nf6 16. Nd4 Nxd5 17. Nf5 Nf6 18. Bd4 Nc6 19. Qg3 Nh5 20. Nh6+ Kf8 21. Qf3 gxh6 22.
Qxc6 Bf6 23. Rxe8+ Qxe8 24. Qxd6+ Qe7 25. Qd5 Rd8 26. Qxh5 Rxd4 27. Qxh6+ Kg8 28.
c3 Re4 29. Qd2 Re2 30. Qc1 Bh4 31. g3 Bxg3 32. Kg2 Bxf2 33. Kf3 Qe4#  0-1

[Event "Sampa Chess Open - Local Piso Superior (ao lado da Renner) às 19h00"]
[Site "Shopping Metrô Tatuapé - Rua Domingos Agostim, 91, São Paulo/SP 03306-010"]
[Date "2024.02.02"]
[Round "6"]
[Board "31"]
[White "Yokomizo, Wilton"]
[Black "Gazineu Neto, Rubens"]
[Result "0-1"]
[WhiteElo "1395"]
[BlackElo "1912"]
[PlyCount "78"]
[EventDate "2024.01.29"]
[EventRounds "9"]
[EventCountry "BRA"]

1. f4 d5 2. Nf3 g6 3. g3 Bg7 4. Bg2 Nf6 5. d3 c5 6. O-O O-O 7. c3 Nc6 8. Ne5 Qc7
9. d4 Rd8 10. e3 Bf5 11. g4 Nxe5 12. gxf5 Neg4 13. h3 Nh6 14. fxg6 hxg6 15. Nd2 Nf5
16. Qe1 Nd6 17. dxc5 Qxc5 18. Nb3 Qb6 19. Bd2 e6 20. Rd1 a5 21. Bc1 a4 22. Nd4 Rdc8
23. Kh1 Nde4 24. a3 Rc4 25. Bf3 Rcc8 26. Rg1 Re8 27. h4 e5 28. fxe5 Rxe5 29. Qe2
Nh5 30. Bxe4 Rxe4 31. Rg4 Nf6 32. Rxe4 Nxe4 33. Rg1 Re8 34. Qb5 Qd8 35. Nf3 Qc8 36.
Qf1 Re6 37. Ng5 Rf6 38. Nf3 Qf5 39. Nh2 Nf2+  0-1

[Event "Sampa Chess Open - Local Piso Superior (ao lado da Renner) às 19h00"]
[Site "Shopping Metrô Tatuapé - Rua Domingos Agostim, 91, São Paulo/SP 03306-010"]
[Date "2024.02.02"]
[Round "6"]
[Board "33"]
[White "Jorge, Denrick Cabral Jose"]
[Black "Simao, Davi Ribeiro"]
[Result "1-0"]
[WhiteElo "1874"]
[BlackElo "1320"]
[PlyCount "69"]
[EventDate "2024.01.29"]
[EventRounds "9"]
[EventCountry "BRA"]

1. e4 e5 2. Nc3 Bc5 3. Nf3 d6 4. Na4 Bb6 5. Nxb6 axb6 6. d4 Bg4 7. dxe5 Bxf3 8. Qxf3
dxe5 9. Bc4 Qf6 10. Qg3 Nc6 11. O-O Nge7 12. Bd2 O-O 13. Bc3 Rfd8 14. f4 Qd6 15.
Bxf7+ Kh8 16. fxe5 Qh6 17. Bb3 Nd4 18. Bxd4 Rxd4 19. Rf7 Ng6 20. Raf1 Rad8 21. e6
Rxe4 22. Qxc7 Rg8 23. e7 Nxe7 24. R7f3 Re2 25. Bxg8 Nxg8 26. Rf8 Qe3+ 27. Kh1 Qe6
28. h3 Qd5 29. R1f2 Rxf2 30. Rxf2 h6 31. c4 Qe6 32. Qf4 Nf6 33. Kh2 Nh5 34. Qf8+
Kh7 35. Qf5+  1-0

[Event "Sampa Chess Open - Local Piso Superior (ao lado da Renner) às 19h00"]
[Site "Shopping Metrô Tatuapé - Rua Domingos Agostim, 91, São Paulo/SP 03306-010"]
[Date "2024.02.02"]
[Round "6"]
[Board "34"]
[White "De Paula, Luan Araujo"]
[Black "Dos Santos, Andre Vicente"]
[Result "1-0"]
[WhiteElo "1863"]
[BlackElo "1800"]
[PlyCount "31"]
[EventDate "2024.01.29"]
[EventRounds "9"]
[EventCountry "BRA"]

1. e4 c5 2. Nf3 Nc6 3. d4 cxd4 4. Nxd4 Nf6 5. Nc3 a6 6. Nxc6 bxc6 7. e5 Ng8 8. Bc4
e6 9. O-O Bc5 10. Ne4 Qb6 11. c3 a5 12. Qg4 g6 13. Qh4 Be7 14. Bg5 Bxg5 15. Qxg5
Qd8 16. Nd6+  1-0

[Event "Sampa Chess Open - Local Piso Superior (ao lado da Renner) às 19h00"]
[Site "Shopping Metrô Tatuapé - Rua Domingos Agostim, 91, São Paulo/SP 03306-010"]
[Date "2024.02.02"]
[Round "6"]
[Board "36"]
[White "Van Riemsdijk, Dirk D."]
[Black "Nunes, Rafael Klanfer"]
[Result "0-1"]
[WhiteElo "1789"]
[BlackElo "1789"]
[PlyCount "86"]
[EventDate "2024.01.29"]
[EventRounds "9"]
[EventCountry "BRA"]

1. e4 c5 2. Nf3 d6 3. d4 cxd4 4. Nxd4 Nf6 5. Nc3 a6 6. Be3 e5 7. Nb3 Be6 8. Be2 Be7
9. O-O O-O 10. Qd2 Qc7 11. f4 exf4 12. Rxf4 Nbd7 13. Nd5 Bxd5 14. exd5 Ne5 15. c4
Nfd7 16. Rc1 Bg5 17. Rf2 Bxe3 18. Qxe3 Nf6 19. Rxf6 gxf6 20. Rc3 Kh8 21. Qf4 Rg8
22. Qxf6+ Rg7 23. Rg3 Rag8 24. c5 Nd7 25. Qc3 Nxc5 26. Rh3 Ne4 27. Rxh7+ Kxh7 28.
Qh3+ Kg6 29. Qg4+ Kf6 30. Qf4+ Ke7 31. Qxe4+ Kf8 32. g3 Rg5 33. Nd4 Qc5 34. Bf3 Re5
35. Qf4 Rxd5 36. Bxd5 Qxd5 37. Nf5 Qd1+ 38. Kf2 Qc2+ 39. Kf3 Qc6+ 40. Ke2 Rg6 41.
Nd4 Qd5 42. Nf5 Re6+ 43. Kf2 Qe5  0-1

[Event "Sampa Chess Open - Local Piso Superior (ao lado da Renner) às 19h00"]
[Site "Shopping Metrô Tatuapé - Rua Domingos Agostim, 91, São Paulo/SP 03306-010"]
[Date "2024.02.02"]
[Round "6"]
[Board "37"]
[White "Moreira, Paulo Vinicius Macedo"]
[Black "Navarro, Gustavo Kazuo Yura"]
[Result "1-0"]
[WhiteElo "1711"]
[BlackElo "1800"]
[PlyCount "61"]
[EventDate "2024.01.29"]
[EventRounds "9"]
[EventCountry "BRA"]

1. d4 Nf6 2. Nf3 g6 3. c4 d6 4. g3 Bg7 5. Bg2 O-O 6. O-O c5 7. dxc5 dxc5 8. Nc3 Nc6
9. Be3 Be6 10. Bxc5 Bxc4 11. Qa4 Be6 12. Rfd1 Qc8 13. Ng5 Bd7 14. Qa3 h6 15. Nge4
Re8 16. Rac1 e6 17. Nd6 Qc7 18. Nxe8 Rxe8 19. Nb5 Qe5 20. Nd6 Rb8 21. e4 Ne8 22.
Nc4 Qc7 23. Bd6 Nxd6 24. Qxd6 Qxd6 25. Rxd6 Be8 26. b3 Rd8 27. e5 Rxd6 28. Nxd6 Bd7
29. f4 Nd4 30. Rc7 Bb5 31. Nxb5  1-0

[Event "Sampa Chess Open - Local Piso Superior (ao lado da Renner) às 19h00"]
[Site "Shopping Metrô Tatuapé - Rua Domingos Agostim, 91, São Paulo/SP 03306-010"]
[Date "2024.02.02"]
[Round "6"]
[Board "39"]
[White "Ruvieri, Daniel Minami"]
[Black "Santanna, Paulo"]
[Result "0-1"]
[WhiteElo "1437"]
[BlackElo "2021"]
[PlyCount "46"]
[EventDate "2024.01.29"]
[EventRounds "9"]
[EventCountry "BRA"]

1. e4 c5 2. Nf3 a6 3. d4 cxd4 4. Nxd4 Nf6 5. Nc3 e5 6. Nf5 d5 7. Bg5 d4 8. Bxf6 gxf6
9. Ne2 h5 10. h4 Qb6 11. Rb1 Nc6 12. a3 Bxf5 13. exf5 Bh6 14. b4 e4 15. Ng3 e3 16.
Bd3 exf2+ 17. Kf1 O-O-O 18. Kxf2 Be3+ 19. Ke2 Rhg8 20. b5 Rxg3 21. Be4 axb5 22. Qd3
b4 23. Bxc6 Qxc6  0-1

[Event "Sampa Chess Open - Local Piso Superior (ao lado da Renner) às 19h00"]
[Site "Shopping Metrô Tatuapé - Rua Domingos Agostim, 91, São Paulo/SP 03306-010"]
[Date "2024.02.02"]
[Round "6"]
[Board "40"]
[White "De Souza, Ricardo Alves"]
[Black "Carvalho Jr, Celestino"]
[Result "0-1"]
[WhiteElo "1322"]
[BlackElo "1939"]
[PlyCount "62"]
[EventDate "2024.01.29"]
[EventRounds "9"]
[EventCountry "BRA"]

1. Nf3 d5 2. g3 Nc6 3. d4 Bf5 4. c3 e6 5. Bg2 Bd6 6. O-O Nf6 7. Nbd2 h6 8. Re1 Bh7
9. a3 O-O 10. c4 Be7 11. b4 a6 12. Bb2 a5 13. b5 Nb8 14. Ne5 a4 15. e3 Nbd7 16. Nxd7
Qxd7 17. Rc1 c6 18. cxd5 cxd5 19. Bf1 Ne8 20. Nb1 Nd6 21. Nc3 Ra7 22. Nxa4 Nxb5 23.
Qb3 Nxd4 24. Bxd4 Qxa4 25. Qxa4 Rxa4 26. Rc7 Bxa3 27. Rxb7 Bd6 28. Rd7 Bb4 29. Bh3
Bxe1 30. Bxe6 Rxd4 31. Bxd5 Rxd5  0-1

[Event "Sampa Chess Open - Local Piso Superior (ao lado da Renner) às 19h00"]
[Site "Shopping Metrô Tatuapé - Rua Domingos Agostim, 91, São Paulo/SP 03306-010"]
[Date "2024.02.02"]
[Round "6"]
[Board "41"]
[White "Yasuda, Osvaldo Makoto"]
[Black "Leon Lopes, Sergio Amadeus"]
[Result "0-1"]
[WhiteElo "1318"]
[BlackElo "1858"]
[PlyCount "84"]
[EventDate "2024.01.29"]
[EventRounds "9"]
[EventCountry "BRA"]

1. e4 d6 2. d4 Nf6 3. Nc3 g6 4. Nf3 Bg7 5. Bf4 O-O 6. Qd2 Re8 7. Bc4 c6 8. Ng5 d5
9. exd5 cxd5 10. Bb5 Nc6 11. Nf3 Nh5 12. Ne5 Nxe5 13. Bxe8 Nc4 14. Bxf7+ Kxf7 15.
Qc1 Bxd4 16. O-O Bxc3 17. bxc3 Nxf4 18. Qxf4+ Kg7 19. Rfd1 Be6 20. Rd4 Bf7 21. Qg3
e5 22. Rh4 Rc8 23. Rd1 Rc6 24. Rd3 Qb6 25. Rd1 Rf6 26. h3 e4 27. Rf4 Rxf4 28. Qxf4
Qb2 29. Qc7 Qb6 30. Qxb6 Nxb6 31. Rb1 Be8 32. Kf1 Bc6 33. Ke2 Nc4 34. Kd1 Kf6 35.
Rb4 Ke5 36. g3 h5 37. Ke2 a6 38. Rb3 Bb5 39. Rxb5 axb5 40. f3 e3 41. Kd3 h4 42. f4+
Kf5  0-1

[Event "Sampa Chess Open - Local Piso Superior (ao lado da Renner) às 19h00"]
[Site "Shopping Metrô Tatuapé - Rua Domingos Agostim, 91, São Paulo/SP 03306-010"]
[Date "2024.02.02"]
[Round "6"]
[Board "42"]
[White "Santos, Abel Cardoso Dos"]
[Black "Bianchini, Marlon"]
[Result "1-0"]
[WhiteElo "1854"]
[BlackElo "1255"]
[PlyCount "95"]
[EventDate "2024.01.29"]
[EventRounds "9"]
[EventCountry "BRA"]

1. e4 c5 2. Nf3 e6 3. d4 cxd4 4. Nxd4 a6 5. c4 Nf6 6. Nc3 Qc7 7. a3 Be7 8. Bd3 b6
9. O-O Bb7 10. Be3 O-O 11. f4 d6 12. Qe2 Nbd7 13. b4 Rac8 14. Rac1 Rfe8 15. Nb3 Qb8
16. g4 h6 17. Nd2 Qa8 18. h4 Nh7 19. g5 hxg5 20. hxg5 e5 21. Qh5 g6 22. Qh6 Bf8 23.
Qh3 exf4 24. Bxf4 Ne5 25. Be2 Bg7 26. Be3 Bc6 27. Qg3 b5 28. cxb5 axb5 29. a4 bxa4
30. b5 Bd7 31. Nd5 Rxc1 32. Rxc1 Qa5 33. b6 Rb8 34. Qf2 a3 35. Nf6+ Nxf6 36. gxf6
Bh8 37. Nc4 Nxc4 38. Bxc4 Qe5 39. Rf1 Qxe4 40. Qf4 Qxf4 41. Rxf4 Bf5 42. Bd4 Rc8
43. b7 Rb8 44. Bd5 a2 45. Rf1 Bd3 46. Rc1 Bf5 47. Rc7 Be6 48. Bxa2  1-0

[Event "Sampa Chess Open - Local Piso Superior (ao lado da Renner) às 19h00"]
[Site "Shopping Metrô Tatuapé - Rua Domingos Agostim, 91, São Paulo/SP 03306-010"]
[Date "2024.02.02"]
[Round "6"]
[Board "43"]
[White "Kassab, Alexandre T Canelas"]
[Black "Deus Filho, Joaquim De"]
[Result "1-0"]
[WhiteElo "1800"]
[BlackElo "1848"]
[PlyCount "113"]
[EventDate "2024.01.29"]
[EventRounds "9"]
[EventCountry "BRA"]

1. e4 c5 2. Nf3 a6 3. d4 cxd4 4. Nxd4 Nf6 5. Nc3 e5 6. Nb3 Bb4 7. Bg5 Bxc3+ 8. bxc3
Qc7 9. Qf3 Ng8 10. c4 f6 11. Be3 Ne7 12. c5 d6 13. cxd6 Qxd6 14. Bc5 Qc7 15. Qh5+
Ng6 16. Bd3 b6 17. Ba3 Qc3+ 18. Ke2 Be6 19. Rhd1 Nd7 20. Kf1 Kf7 21. g3 Qc7 22. Rac1
Rhd8 23. Kg2 Kg8 24. Qe2 a5 25. Bb5 a4 26. Bd6 Qc8 27. Nd2 Nc5 28. Nc4 Qb7 29. Bxc5
bxc5 30. Nd6 Qb6 31. Nf5 a3 32. Bc4 Kf7 33. Rb1 Qc6 34. Bxe6+ Qxe6 35. Rb7+ Kf8 36.
Qb5 Rxd1 37. Qxc5+ Kg8 38. Qc7 Rd7 39. Qxd7 Qxd7 40. Rxd7 Rc8 41. Rxg7+ Kf8 42. Ra7
Rc3 43. h4 h5 44. Kf1 Ke8 45. Ne3 Nf8 46. Nd5 Rc6 47. c3 Ne6 48. Nxf6+ Kd8 49. Nd5
Nc5 50. f3 Na6 51. Ke2 Rg6 52. Kf2 Nc5 53. Rxa3 Nd3+ 54. Ke3 Ne1 55. Ke2 Nc2 56.
Ra8+ Kd7 57. Kf2  1-0

[Event "Sampa Chess Open - Local Piso Superior (ao lado da Renner) às 19h00"]
[Site "Shopping Metrô Tatuapé - Rua Domingos Agostim, 91, São Paulo/SP 03306-010"]
[Date "2024.02.02"]
[Round "6"]
[Board "44"]
[White "Sanches De Carvalho, Fabio"]
[Black "Bomeisel, Pedro Rangel"]
[Result "1-0"]
[WhiteElo "1838"]
[BlackElo "1385"]
[PlyCount "89"]
[EventDate "2024.01.29"]
[EventRounds "9"]
[EventCountry "BRA"]

1. d4 Nf6 2. Bg5 Ne4 3. Bf4 c5 4. d5 d6 5. f3 Qa5+ 6. Nd2 Nxd2 7. Bxd2 Qc7 8. c4
e5 9. e4 Be7 10. Bd3 Nd7 11. Ne2 O-O 12. O-O Nb6 13. Qc2 g6 14. Bh6 Re8 15. Nc3 Bf8
16. Qd2 f6 17. h4 a6 18. a4 Bxh6 19. Qxh6 Qg7 20. Qd2 Rb8 21. Qf2 Na8 22. f4 Bd7
23. f5 gxf5 24. exf5 Kh8 25. Ne4 Qe7 26. h5 Rg8 27. Qh4 Rgf8 28. h6 Nb6 29. a5 Nc8
30. Ra3 Be8 31. Be2 Qc7 32. Rb3 Ba4 33. Ra3 Be8 34. Rh3 Qe7 35. Bd1 Qd8 36. Rff3
Bd7 37. Rf1 Be8 38. Kh2 Qe7 39. Be2 Bd7 40. Bh5 Qd8 41. Re3 Be8 42. Be2 Qc7 43. Kh3
Bd7 44. g4 Qd8 45. Rb3  1-0

[Event "Sampa Chess Open - Local Piso Superior (ao lado da Renner) às 19h00"]
[Site "Shopping Metrô Tatuapé - Rua Domingos Agostim, 91, São Paulo/SP 03306-010"]
[Date "2024.02.02"]
[Round "6"]
[Board "45"]
[White "Haraguchi, Melissa Mayumi Alves"]
[Black "Da Cunha, Gabriela Goes"]
[Result "0-1"]
[WhiteElo "1751"]
[BlackElo "1837"]
[PlyCount "64"]
[EventDate "2024.01.29"]
[EventRounds "9"]
[EventCountry "BRA"]

1. e4 c6 2. d4 d5 3. e5 Bf5 4. Nf3 e6 5. Bd3 Bxd3 6. Qxd3 Qa5+ 7. Bd2 Qa6 8. Qxa6
Nxa6 9. a3 c5 10. Nc3 Nc7 11. Ne2 h5 12. h4 Nh6 13. Ng3 Ng4 14. c3 Rc8 15. O-O Na8
16. b4 cxd4 17. cxd4 Nb6 18. Rfc1 Nc4 19. Nf1 Be7 20. g3 O-O 21. Kg2 f6 22. Be1 fxe5
23. dxe5 Ngxe5 24. Nxe5 Nxe5 25. Nd2 Bf6 26. Rab1 Nd3 27. Rxc8 Rxc8 28. Nf3 e5 29.
Nh2 Rc2 30. Kf3 Kf7 31. Nf1 e4+ 32. Ke3 Bd8  0-1

[Event "Sampa Chess Open - Local Piso Superior (ao lado da Renner) às 19h00"]
[Site "Shopping Metrô Tatuapé - Rua Domingos Agostim, 91, São Paulo/SP 03306-010"]
[Date "2024.02.02"]
[Round "6"]
[Board "46"]
[White "Akamine, Isabelle Namie Nishimori"]
[Black "Lima, Hamilton Da Silva"]
[Result "0-1"]
[WhiteElo "1800"]
[BlackElo "1778"]
[PlyCount "100"]
[EventDate "2024.01.29"]
[EventRounds "9"]
[EventCountry "BRA"]

1. d4 Nf6 2. c4 g6 3. Nc3 d5 4. cxd5 Nxd5 5. e4 Nxc3 6. bxc3 Bg7 7. Nf3 c5 8. Bc4
Nc6 9. Bb2 Bg4 10. h3 Bxf3 11. Qxf3 O-O 12. dxc5 Qa5 13. Qe3 Rad8 14. O-O Ne5 15.
Be2 Nd7 16. Qg5 Qxc5 17. Qxc5 Nxc5 18. Ba3 b6 19. Bxc5 bxc5 20. Rfc1 Rd2 21. Bf3
Rb8 22. Rd1 Bxc3 23. Rxd2 Bxd2 24. Rd1 Rb2 25. a3 c4 26. Be2 c3 27. Bd3 Ra2 28. Kh2
Rxa3 29. g3 Ra4 30. Kg2 a5 31. Bc2 Ra2 32. Bb3 Rb2 33. Ba4 Be3 34. Rf1 Bd4 35. h4
h5 36. Kh2 Rxf2+ 37. Rxf2 Bxf2 38. Kg2 Bd4 39. Kf3 e5 40. g4 hxg4+ 41. Kxg4 Kg7 42.
Kf3 Kh6 43. Kg4 Bf2 44. Bb3 Be3 45. Ba4 f6 46. Kf3 Bd4 47. Kg4 Kg7 48. Kf3 Kf7 49.
Kg4 Ke7 50. h5 gxh5+  0-1

[Event "Sampa Chess Open - Local Piso Superior (ao lado da Renner) às 19h00"]
[Site "Shopping Metrô Tatuapé - Rua Domingos Agostim, 91, São Paulo/SP 03306-010"]
[Date "2024.02.02"]
[Round "6"]
[Board "47"]
[White "Fernandez Barrero, Javier"]
[Black "Re, Vinicius"]
[Result "1-0"]
[WhiteElo "1743"]
[BlackElo "1177"]
[PlyCount "59"]
[EventDate "2024.01.29"]
[EventRounds "9"]
[EventCountry "BRA"]

1. e4 e5 2. Nf3 Nc6 3. Bb5 a6 4. Ba4 Nf6 5. d3 Bc5 6. O-O O-O 7. Bxc6 dxc6 8. Nxe5
Re8 9. Nf3 Bg4 10. Be3 Qe7 11. Nbd2 Rad8 12. h3 Bh5 13. Qe2 Bd4 14. Bxd4 Rxd4 15.
g4 Rb4 16. gxh5 Nxh5 17. Qe3 Qf6 18. Qg5 Qxg5+ 19. Nxg5 Nf4 20. b3 h6 21. Ngf3 Nxh3+
22. Kh2 Nf4 23. a4 Rb6 24. Nc4 Rb4 25. Rab1 Ne2 26. Rfe1 Nc3 27. Ra1 b5 28. axb5
axb5 29. Nce5 c5 30. Nc6  1-0

[Event "Sampa Chess Open - Local Piso Superior (ao lado da Renner) às 19h00"]
[Site "Shopping Metrô Tatuapé - Rua Domingos Agostim, 91, São Paulo/SP 03306-010"]
[Date "2024.02.02"]
[Round "6"]
[Board "49"]
[White "Nicacio, Daniel Ramos"]
[Black "Goncalves, Ricardo Henrique Silva"]
[Result "0-1"]
[WhiteElo "1479"]
[BlackElo "1800"]
[PlyCount "28"]
[EventDate "2024.01.29"]
[EventRounds "9"]
[EventCountry "BRA"]

1. e4 d6 2. d4 Nf6 3. Nd2 g6 4. g3 Bg7 5. e5 dxe5 6. dxe5 Ng4 7. f4 Ne3 8. Qe2 Nxc2+
9. Kf2 Nxa1 10. Nb3 Nxb3 11. axb3 O-O 12. Nf3 Nc6 13. h4 h5 14. Nh2 Nd4  0-1

[Event "Sampa Chess Open - Local Piso Superior (ao lado da Renner) às 19h00"]
[Site "Shopping Metrô Tatuapé - Rua Domingos Agostim, 91, São Paulo/SP 03306-010"]
[Date "2024.02.02"]
[Round "6"]
[Board "51"]
[White "Dionisio, Alex Monteiro"]
[Black "Terra, Bruno De Oliveira"]
[Result "1-0"]
[WhiteElo "1514"]
[BlackElo "1800"]
[PlyCount "47"]
[EventDate "2024.01.29"]
[EventRounds "9"]
[EventCountry "BRA"]

1. e4 c6 2. d4 d5 3. e5 c5 4. dxc5 e6 5. a3 Bxc5 6. b4 Bf8 7. Nf3 g6 8. Bb2 Bg7 9.
Bd3 Ne7 10. O-O O-O 11. Nbd2 Bd7 12. Qe2 a6 13. c4 Nbc6 14. Rfd1 Qb8 15. Nb3 b6 16.
Rac1 Rc8 17. cxd5 Nxd5 18. Bxa6 Rxa6 19. Qxa6 b5 20. Nc5 Rc7 21. Nxd7 Rxd7 22. Qxc6
Rc7 23. Qa6 Rb7 24. Bd4  1-0